Mots par définition #7 - Chaussures - Statistiques

Statistiques générales
  • Ce quiz a été pris 260 fois
  • Le résultat moyen est 9 sur 15
Statistiques - réponses
Genre Définition Chaussure % Correct
Nom Masculin Chaussure d'intérieur, souple et légère. Chausson / Pantoufle
98%
Nom Féminin Chaussure de plage en matériau plastique léger, composée d'une semelle et d'une bride en V. Tong
95%
Nom Féminin Chaussure de cuir, de caoutchouc, etc., qui enferme le pied et la jambe et quelquefois le bas de la cuisse ou même la cuisse entière. Botte
93%
Nom Féminin Chaussure légère pour femme, inspirée du chausson de danse. Ballerine
89%
Nom Féminin Pantoufle sans quartier et sans talon, portée dans les pays musulmans. Babouche
78%
Nom Féminin Chaussure montante à boutons, lacets ou élastiques. Bottine
78%
Nom Masculin Chaussure faite d'une pièce de bois ou d'une semelle de bois et d'un dessus de gros cuir. Sabot
75%
Nom Féminin Chaussure basse légère, dont la tige est en toile et la semelle en corde de chanvre ou de jute, attachée au pied par un lacet entourant la cheville. Espadrille
52%
Nom Masculin Sorte de sandale à tige de toile et à semelle souple et adhérente, adaptée à la pratique du tennis. Tennis
50%
Nom Masculin Pluriel Chaussure montantes, qui soutiennent les chevilles grâce à un système de guêtron fermé par une ou deux boucles à ardillon, utilisée principalement par les militaires. Rangers
41%
Nom Masculin Chaussure traditionnelle des Indiens d'Amérique du Nord, faite d'écorce d'arbre souple et résistante, ou bien de cuir. Mocassin
39%
Nom Féminin Chaussure légère d'appartement laissant le talon découvert. Mule
33%
Nom Féminin Pantoufle dont la tige se prolonge en forme de languette sur le cou-de-pied. Charentaise
21%
Nom Masculin Botte courte s'arrêtant au dessus de la cheville. Boot
20%
Nom Masculin Sandales japonaises faites de corde de paille de riz, composées d'une semelle et de lanières de corde. Waraji
2%
Aucun quiz correspondant
Distribution des résultats
% des personnes avec chaque résultat
Percentile par nombre de réponses
Votre historique - résultats
Vous n’avez pas pris ce quiz